[Event "aut_ychg12 St. Georgen"]
[Site "?"]
[Date "2007.??.??"]
[Round "1.1"]
[White "Hoelzl, Sarah"]
[Black "Bauer, Valentina"]
[Result "0-1"]
[WhiteElo "1382"]
[BlackElo "1547"]
[PlyCount "86"]
[EventDate "2007.05.26"]

1. d4 d5 2. c4 e6 3. Nc3 Nf6 4. Nf3 Nc6 5. Bg5 Be7 6. e3 O-O 7. Be2 dxc4 8.
Bxc4 Nd5 9. Bxe7 Ncxe7 10. Bxd5 Nxd5 11. Nxd5 exd5 12. O-O Bg4 13. h3 Bh5 14.
Rc1 c6 15. Qe2 Re8 16. g4 Bg6 17. Ne5 Qd6 18. h4 h6 19. Nxg6 Qxg6 20. h5 Qe4
21. f3 Qxe3+ 22. Qxe3 Rxe3 23. Rce1 Rxe1 24. Rxe1 Kf8 25. Kf2 Re8 26. Rxe8+
Kxe8 27. Ke3 Ke7 28. f4 Kf6 29. Kf3 g5 30. hxg6 fxg6 31. Ke3 h5 32. gxh5 gxh5
33. Kf3 Kf5 34. Kg3 h4+ 35. Kxh4 Kxf4 36. Kh3 Ke4 37. Kg2 Kxd4 38. Kf2 Kd3 39.
Ke1 Kc2 40. b4 Kb2 41. a4 Kb3 42. b5 Kxa4 43. bxc6 bxc6 0-1

[Event "aut_ychg12 St. Georgen"]
[Site "?"]
[Date "2007.??.??"]
[Round "1.2"]
[White "Zoehrer, Sarah"]
[Black "Strafinger, Elisabeth"]
[Result "0-1"]
[WhiteElo "1496"]
[BlackElo "1350"]
[PlyCount "58"]
[EventDate "2007.05.26"]

1. e4 e6 2. d4 d5 3. exd5 exd5 4. Nf3 Bg4 5. Be2 Be7 6. O-O Nf6 7. Be3 O-O 8.
Nbd2 Nc6 9. c4 dxc4 10. Bxc4 Bb4 11. Qc2 Bxd2 12. Nxd2 Nxd4 13. Bd3 Nxc2 14.
Bxc2 Qd6 15. Ne4 Nxe4 16. Bxe4 c6 17. f3 Bd7 18. Rad1 Qe7 19. Rd3 f5 20. Rfd1
Rad8 21. Rd4 fxe4 22. Rxe4 Qf7 23. Rdd4 Qxa2 24. Ra4 Qb1+ 25. Kf2 Qxb2+ 26. Ke1
Bf5 27. Reb4 Qc3+ 28. Kf2 Rfe8 29. Bd4 Qe1# 0-1

[Event "aut_ychg12 St. Georgen"]
[Site "?"]
[Date "2007.??.??"]
[Round "1.3"]
[White "Nagy, Andrea"]
[Black "Tarmastin, Laura"]
[Result "1-0"]
[WhiteElo "1279"]
[BlackElo "1487"]
[PlyCount "85"]
[EventDate "2007.05.26"]

1. e4 e5 2. Nf3 Nc6 3. Bc4 Bc5 4. O-O Nf6 5. d3 d5 6. exd5 Nxd5 7. Nc3 Nxc3 8.
bxc3 O-O 9. Re1 Qf6 10. Bg5 Qd6 11. Be3 Ba3 12. Rb1 Rd8 13. Ng5 Be6 14. Nxe6
fxe6 15. Rxb7 Qe7 16. Rb1 e4 17. Qg4 Re8 18. Qxe4 Na5 19. Bb3 Bd6 20. Ba4 Reb8
21. Bxa7 Rf8 22. Bd4 Bc5 23. Qxe6+ Qxe6 24. Rxe6 Bxd4 25. cxd4 Rfd8 26. Re4
Rdb8 27. Rxb8+ Rxb8 28. Bb3+ Nxb3 29. axb3 Kf8 30. Kf1 Ra8 31. Ke2 Rb8 32. Rf4+
Ke7 33. Re4+ Kf8 34. Kf3 Rb4 35. d5 Rb5 36. Re5 Rc5 37. Rf5+ Ke7 38. c4 c6 39.
d6+ Kxd6 40. Rxc5 Kxc5 41. Ke4 Kb4 42. d4 Kxb3 43. d5 1-0

[Event "aut_ychg12 St. Georgen"]
[Site "?"]
[Date "2007.??.??"]
[Round "1.4"]
[White "Roeck, Vanessa"]
[Black "Huber, Elke Carola"]
[Result "0-1"]
[WhiteElo "1485"]
[BlackElo "1231"]
[PlyCount "50"]
[EventDate "2007.05.26"]

1. e4 c6 2. Nf3 d5 3. Bd3 dxe4 4. Bxe4 Nf6 5. Bd3 e6 6. b3 Bd6 7. O-O O-O 8.
Na3 Nbd7 9. Nc4 Bc7 10. Bb2 b6 11. Nfe5 Bb7 12. Nxd7 Nxd7 13. Qg4 g6 14. Qd4 e5
15. Qe4 Nc5 16. Qe3 Nxd3 17. cxd3 Re8 18. Nxe5 Bxe5 19. Bxe5 f6 20. Bxf6 Qxf6
21. Qh3 Rad8 22. Rae1 Rxe1 23. Rxe1 Ba6 24. Re3 Qa1+ 25. Re1 Qxe1# 0-1

[Event "aut_ychg12 St. Georgen"]
[Site "?"]
[Date "2007.??.??"]
[Round "1.5"]
[White "Teufl, Franziska"]
[Black "Schamberger, Katja"]
[Result "0-1"]
[WhiteElo "1209"]
[BlackElo "1457"]
[PlyCount "42"]
[EventDate "2007.05.26"]

1. e4 c5 2. Nf3 Nc6 3. Bc4 g6 4. d3 Bg7 5. Be3 d6 6. Ng5 Ne5 7. Bd5 Nf6 8. Bf4
Nxd5 9. Bxe5 Bxe5 10. Qf3 O-O 11. O-O Nf6 12. c3 Bg4 13. Qe3 b6 14. Nd2 d5 15.
a3 Qd6 16. c4 Bxh2+ 17. Kh1 Bf4 18. Qe1 Bxg5 19. Nb3 Be6 20. Qc3 Ng4 21. f3
Qh2# 0-1

[Event "aut_ychg12 St. Georgen"]
[Site "?"]
[Date "2007.??.??"]
[Round "1.6"]
[White "Gerhold, Doris"]
[Black "Auer, Christine"]
[Result "1-0"]
[WhiteElo "1446"]
[BlackElo "1200"]
[PlyCount "49"]
[EventDate "2007.05.26"]

1. e4 e5 2. Nf3 Nc6 3. Bc4 Nf6 4. Ng5 d5 5. exd5 h6 6. dxc6 hxg5 7. cxb7 Bxb7
8. O-O Nd5 9. Qf3 f6 10. Nc3 c6 11. Re1 Nxc3 12. Qxc3 Bd6 13. d4 Qc7 14. f4
gxf4 15. Bxf4 c5 16. dxe5 fxe5 17. Bxe5 Kd8 18. Bxd6 Qxd6 19. Rad1 Kc7 20. Rxd6
Kxd6 21. Re6+ Kd7 22. Qxg7+ Kd8 23. Qxh8+ Kc7 24. Qg7+ Kc8 25. Re8# 1-0

[Event "aut_ychg12 St. Georgen"]
[Site "?"]
[Date "2007.??.??"]
[Round "2.1"]
[White "Bauer, Valentina"]
[Black "Strafinger, Elisabeth"]
[Result "1-0"]
[WhiteElo "1547"]
[BlackElo "1350"]
[PlyCount "29"]
[EventDate "2007.05.26"]

1. e4 e6 2. d4 d5 3. Nd2 Nc6 4. c3 Nge7 5. Bb5 a6 6. Bd3 Ng6 7. Ndf3 Be7 8. Ne2
O-O 9. O-O Bh4 10. e5 h6 11. Qc2 Kh7 12. Nf4 f5 13. exf6 Kg8 14. Nxg6 Rxf6 15.
Ngxh4 1-0

[Event "aut_ychg12 St. Georgen"]
[Site "?"]
[Date "2007.??.??"]
[Round "2.2"]
[White "Schamberger, Katja"]
[Black "Nagy, Andrea"]
[Result "1-0"]
[WhiteElo "1457"]
[BlackElo "1279"]
[PlyCount "53"]
[EventDate "2007.05.26"]

1. e4 e5 2. Nf3 Nc6 3. Nc3 Nf6 4. Bb5 a6 5. Bc4 Bc5 6. O-O O-O 7. d3 h6 8. Qe2
d6 9. Bd2 Bd7 10. Be3 Nd4 11. Bxd4 Bxd4 12. Nxd4 exd4 13. Nd5 Re8 14. Qf3 Bg4
15. Nxf6+ Qxf6 16. Qxg4 b5 17. Bd5 Rab8 18. h3 Re5 19. Qd7 Re7 20. Qg4 Re5 21.
f4 Ree8 22. e5 dxe5 23. fxe5 Qd8 24. Bxf7+ Kh8 25. Bxe8 Qxe8 26. Rae1 Qc6 27.
Rf2 1-0

[Event "aut_ychg12 St. Georgen"]
[Site "?"]
[Date "2007.??.??"]
[Round "2.3"]
[White "Huber, Elke Carola"]
[Black "Gerhold, Doris"]
[Result "1-0"]
[WhiteElo "1231"]
[BlackElo "1446"]
[PlyCount "93"]
[EventDate "2007.05.26"]

1. d4 d5 2. c4 c6 3. Nc3 Nf6 4. Nf3 e6 5. Bg5 Nbd7 6. e4 h6 7. Bxf6 Nxf6 8. Qc2
Bb4 9. e5 Ne4 10. Bd3 Ng5 11. Nxg5 Qxg5 12. O-O dxc4 13. Bxc4 b5 14. Be2 Bb7
15. Bf3 a6 16. Ne4 Qg6 17. Nd6+ Bxd6 18. Bxc6+ Kf8 19. Qxg6 fxg6 20. Bxb7 Ra7
21. exd6 Rxb7 22. Rac1 Kf7 23. Rc7+ Rxc7 24. dxc7 Rc8 25. Rc1 Ke7 26. Rc6 Kd7
27. Rxa6 Rxc7 28. Kf1 Rc4 29. Ra7+ Rc7 30. Rxc7+ Kxc7 31. Ke2 Kc6 32. Kd3 Kd5
33. b3 b4 34. g3 h5 35. f4 g5 36. fxg5 g6 37. h3 e5 38. dxe5 Kxe5 39. Kc4 Kf5
40. Kxb4 Kxg5 41. a4 h4 42. gxh4+ Kxh4 43. a5 g5 44. a6 Kxh3 45. a7 g4 46. a8=Q
g3 47. Qh1+ 1-0

[Event "aut_ychg12 St. Georgen"]
[Site "?"]
[Date "2007.??.??"]
[Round "2.4"]
[White "Hoelzl, Sarah"]
[Black "Zoehrer, Sarah"]
[Result "0-1"]
[WhiteElo "1382"]
[BlackElo "1496"]
[PlyCount "129"]
[EventDate "2007.05.26"]

1. e4 e5 2. Nf3 Nc6 3. Bb5 Bc5 4. Bxc6 dxc6 5. Nxe5 Qd4 6. Nd3 Qxe4+ 7. Qe2
Qxe2+ 8. Kxe2 Bd6 9. Nc3 Nf6 10. Re1 O-O 11. Kf1 Be6 12. Re2 Rfe8 13. b3 Re7
14. Bb2 Nd5 15. Ne4 Bf5 16. f3 Rae8 17. Rae1 b5 18. Ndf2 c5 19. d3 Nb4 20. a3
Nc6 21. Nc3 a6 22. Nd5 Rxe2 23. Rxe2 Rxe2 24. Kxe2 Bxh2 25. g4 Be6 26. Ne3 Bd6
27. Ne4 f6 28. c4 Kf7 29. g5 f5 30. Nc3 Nd4+ 31. Kf2 b4 32. axb4 cxb4 33. Ncd5
Nxb3 34. d4 f4 35. Ng2 Bxd5 36. cxd5 c5 37. dxc5 Nxc5 38. Ke2 Kg6 39. Ne1 a5
40. Nc2 h5 41. Nd4 Be5 42. d6 Bxd6 43. Nc6 Kxg5 44. Bxg7 Ne6 45. Bb2 a4 46. Kd3
h4 47. Na5 h3 48. Nc4 Bc5 49. Nd2 Kf5 50. Nf1 a3 51. Bh8 Bf2 52. Kc2 Nd4+ 53.
Kb1 Nxf3 54. Ka2 h2 55. Nxh2 Nxh2 56. Kb3 Bc5 57. Kc4 Bf8 58. Kb3 Ke4 59. Bf6
f3 60. Bh4 Kf4 61. Ka2 Ng4 62. Kb3 f2 63. Bxf2 Nxf2 64. Ka2 Ke4 65. Kb3 0-1

[Event "aut_ychg12 St. Georgen"]
[Site "?"]
[Date "2007.??.??"]
[Round "2.5"]
[White "Tarmastin, Laura"]
[Black "Teufl, Franziska"]
[Result "1-0"]
[WhiteElo "1487"]
[BlackElo "1209"]
[PlyCount "41"]
[EventDate "2007.05.26"]

1. e4 c5 2. Nf3 Nc6 3. Bb5 d6 4. Nc3 e5 5. d3 Nf6 6. Bd2 Bd7 7. O-O Be7 8. h3
O-O 9. Nh2 a6 10. Bxc6 Bxc6 11. f4 Qc8 12. f5 Bd7 13. Qf3 h6 14. Qg3 Nh5 15.
Qf3 Nf6 16. Ng4 Nh5 17. Nxh6+ gxh6 18. Qxh5 Bf6 19. Bxh6 Bg7 20. Qg5 f6 21.
Qxg7# 1-0

[Event "aut_ychg12 St. Georgen"]
[Site "?"]
[Date "2007.??.??"]
[Round "2.6"]
[White "Auer, Christine"]
[Black "Roeck, Vanessa"]
[Result "1-0"]
[WhiteElo "1200"]
[BlackElo "1485"]
[PlyCount "37"]
[EventDate "2007.05.26"]

1. e4 e5 2. Nf3 Nc6 3. Nc3 Nf6 4. Bc4 Bc5 5. d3 O-O 6. Bg5 d6 7. Nd5 a6 8. Qd2
Be6 9. Bxf6 gxf6 10. Qh6 Nd4 11. Nxf6+ Qxf6 12. Qxf6 Bxc4 13. dxc4 Nxc2+ 14.
Ke2 Nxa1 15. Rxa1 Rfe8 16. Ng5 Rf8 17. Qh6 Rfe8 18. Qxh7+ Kf8 19. Qxf7# 1-0

[Event "aut_ychg12 St. Georgen"]
[Site "?"]
[Date "2007.??.??"]
[Round "3.1"]
[White "Schamberger, Katja"]
[Black "Bauer, Valentina"]
[Result "0-1"]
[WhiteElo "1457"]
[BlackElo "1547"]
[PlyCount "74"]
[EventDate "2007.05.26"]

1. e4 e6 2. Nf3 d5 3. exd5 exd5 4. d4 Nc6 5. Nc3 Nf6 6. Bd3 Bg4 7. O-O Bxf3 8.
Qxf3 Nxd4 9. Qe3+ Ne6 10. Bf5 d4 11. Qe5 dxc3 12. bxc3 Bd6 13. Qe2 Qe7 14. Re1
Nd8 15. Qd2 Ne6 16. Qe2 O-O-O 17. Qc4 Rhe8 18. Rb1 g6 19. Be4 Nxe4 20. Rxe4 f5
21. Re1 Qd7 22. Qd5 c6 23. Qa5 b6 24. Qa6+ Qb7 25. Qc4 b5 26. Qb3 Nc5 27. Bg5
Rxe1+ 28. Rxe1 Nxb3 29. cxb3 Be7 30. Bf4 g5 31. Be3 f4 32. Bd4 Qd7 33. h3 c5
34. Be5 Qe6 35. Kh2 Rd5 36. f3 Rxe5 37. Rxe5 Qxe5 0-1

[Event "aut_ychg12 St. Georgen"]
[Site "?"]
[Date "2007.??.??"]
[Round "3.2"]
[White "Zoehrer, Sarah"]
[Black "Huber, Elke Carola"]
[Result "1/2-1/2"]
[WhiteElo "1496"]
[BlackElo "1231"]
[PlyCount "127"]
[EventDate "2007.05.26"]

1. e4 c6 2. d4 d5 3. e5 c5 4. c3 Nc6 5. Nf3 Bg4 6. Be2 e6 7. O-O Qb6 8. Qb3
Qxb3 9. axb3 Bxf3 10. Bxf3 cxd4 11. Re1 dxc3 12. bxc3 Nge7 13. Bh5 g6 14. Bg4
Bg7 15. f4 O-O 16. Be3 Rfd8 17. Rd1 f6 18. Bxe6+ Kh8 19. Bc5 fxe5 20. fxe5 Bxe5
21. Re1 Bd6 22. Bf2 b6 23. Bh4 Bc5+ 24. Kh1 Rf8 25. Nd2 Bf2 26. Bxe7 Nxe7 27.
Rf1 Be3 28. Rxf8+ Rxf8 29. Nf3 b5 30. Rd1 Rd8 31. Ne5 Kg7 32. Nf3 Rd6 33. Bh3
Rc6 34. Rd3 d4 35. Nxd4 Bxd4 36. Rxd4 Rxc3 37. g3 Rxb3 38. Rd7 Re3 39. Rb7 Re4
40. Bf1 a5 41. Bxb5 Kf6 42. Rb6+ Re6 43. Rxe6+ Kxe6 44. Kg2 Ke5 45. Kf3 Kf5 46.
h3 h5 47. Ke3 g5 48. Kd4 Ng6 49. Bd3+ Kf6 50. Bc2 Ne5 51. Bd1 h4 52. g4 Nxg4
53. Bxg4 a4 54. Kc4 a3 55. Kb3 a2 56. Kxa2 Ke5 57. Kb2 Kf6 58. Kc3 Kg6 59. Kd4
Kf6 60. Ke4 Kg6 61. Ke5 Kh6 62. Kf6 Kh7 63. Kxg5 Kg7 64. Kxh4 1/2-1/2

[Event "aut_ychg12 St. Georgen"]
[Site "?"]
[Date "2007.??.??"]
[Round "3.3"]
[White "Gerhold, Doris"]
[Black "Tarmastin, Laura"]
[Result "0-1"]
[WhiteElo "1446"]
[BlackElo "1487"]
[PlyCount "58"]
[EventDate "2007.05.26"]

1. e4 e5 2. Nf3 Nc6 3. Bc4 Bc5 4. b4 Bb6 5. O-O Nf6 6. d3 d6 7. h3 Nxb4 8. c3
Nc6 9. Re1 O-O 10. Bg5 Be6 11. Bb3 h6 12. Bh4 Re8 13. Ba4 Bd7 14. d4 exd4 15.
cxd4 a6 16. Bxc6 Bxc6 17. Nbd2 Ba5 18. Re3 Rb8 19. Nc4 Bb6 20. Nxb6 cxb6 21.
Qe2 Bb5 22. Qb2 g5 23. Bg3 Rxe4 24. Qb4 Rxe3 25. Bxd6 Rxf3 26. Bxb8 Rd3 27. Bd6
Nd5 28. Qe1 Qxd6 29. Qe8+ Bxe8 0-1

[Event "aut_ychg12 St. Georgen"]
[Site "?"]
[Date "2007.??.??"]
[Round "3.4"]
[White "Strafinger, Elisabeth"]
[Black "Auer, Christine"]
[Result "1-0"]
[WhiteElo "1350"]
[BlackElo "1200"]
[PlyCount "83"]
[EventDate "2007.05.26"]

1. e4 e5 2. Nf3 Nc6 3. Bc4 Bc5 4. O-O d6 5. h3 Nf6 6. d3 Be6 7. Bb3 Qd7 8. Bxe6
Qxe6 9. Nc3 O-O-O 10. Bg5 h6 11. Bxf6 gxf6 12. Qd2 Rhg8 13. Qxh6 Rg6 14. Qh5
Rdg8 15. g4 Nd4 16. Nh2 Rg5 17. Qh4 Nxc2 18. Rac1 Nd4 19. Kh1 f5 20. exf5 Qf6
21. Nd5 Qg7 22. Ne7+ Kd8 23. Nxg8 Qxg8 24. f4 exf4 25. Nf3 Nxf3 26. Rxf3 f6 27.
a3 Qd5 28. Qh8+ Kd7 29. Qh7+ Kd8 30. Rcf1 Be3 31. Qh8+ Kd7 32. Qxf6 Rg8 33. g5
Qxd3 34. Qf7+ Kc6 35. Qxg8 Qxf5 36. g6 d5 37. g7 d4 38. Qe8+ Kd6 39. g8=Q d3
40. Qd8+ Kc6 41. Qc4+ Kb6 42. Qdxc7# 1-0

[Event "aut_ychg12 St. Georgen"]
[Site "?"]
[Date "2007.??.??"]
[Round "3.5"]
[White "Nagy, Andrea"]
[Black "Roeck, Vanessa"]
[Result "0-1"]
[WhiteElo "1279"]
[BlackElo "1485"]
[PlyCount "92"]
[EventDate "2007.05.26"]

1. e4 e5 2. Nf3 Nc6 3. Bc4 Nf6 4. Nc3 Bc5 5. O-O d6 6. h3 O-O 7. d3 h6 8. a3
Qe7 9. b4 Bd4 10. Nxd4 exd4 11. Nd5 Qe6 12. Nxc7 Qe7 13. Nxa8 Be6 14. Bf4 Bxc4
15. dxc4 Rxa8 16. Re1 g5 17. Bxd6 Qxd6 18. b5 Re8 19. bxc6 Qxc6 20. Qxd4 Rxe4
21. Rxe4 Nxe4 22. Re1 f5 23. f3 Ng3 24. Qd8+ Kh7 25. Re7+ Kg6 26. Qg8+ Kh5 27.
Qe8+ Qxe8 28. Rxe8 b6 29. Ra8 Ne2+ 30. Kf2 Nd4 31. Rxa7 Nxc2 32. a4 Nb4 33. a5
bxa5 34. Rxa5 Nd3+ 35. Ke3 Nb4 36. Rxf5 Nc2+ 37. Ke4 Kg6 38. Ra5 h5 39. Ra6+
Kh7 40. Kf5 Nb4 41. Ra7+ Kh6 42. Ra8 h4 43. Rh8+ Kg7 44. Rc8 Kh6 45. c5 Nd5 46.
Kg4 Ne3# 0-1

[Event "aut_ychg12 St. Georgen"]
[Site "?"]
[Date "2007.??.??"]
[Round "3.6"]
[White "Teufl, Franziska"]
[Black "Hoelzl, Sarah"]
[Result "0-1"]
[WhiteElo "1209"]
[BlackElo "1382"]
[PlyCount "106"]
[EventDate "2007.05.26"]

1. d4 d5 2. Nf3 Nc6 3. Bf4 Nf6 4. e3 Bg4 5. Bd3 e6 6. c3 Bd6 7. Bxd6 Qxd6 8.
O-O O-O 9. Nbd2 e5 10. Rc1 e4 11. Be2 exf3 12. Bxf3 Bxf3 13. Qxf3 Ne7 14. Qh3
Qd7 15. Qg3 Nf5 16. Qf3 Nh4 17. Qe2 Qg4 18. Qxg4 Nxg4 19. g3 Ng6 20. h3 Nf6 21.
Nf3 Ne4 22. a3 Ne7 23. b4 Rac8 24. Rcd1 Nxc3 25. Rd3 Nb5 26. Rc1 Nf5 27. Rc5 c6
28. Ne5 Ne7 29. Nd7 Rfe8 30. h4 Rc7 31. Ne5 f6 32. Nf3 b6 33. Rc2 Rec8 34. a4
Nd6 35. Rdc3 Ne4 36. Rb3 c5 37. bxc5 bxc5 38. dxc5 Rxc5 39. Rxc5 Rxc5 40. Rb7
Nc8 41. Rd7 Ra5 42. Nd4 Nb6 43. Rd8+ Kf7 44. Rh8 h6 45. Nb5 Rxa4 46. f4 Ra2 47.
Rb8 Nc4 48. Nd4 a5 49. Rb7+ Kg6 50. f5+ Kh5 51. Rxg7 Nxe3 52. Ne6 Rg2+ 53. Kh1
Nf2# 0-1

[Event "aut_ychg12 St. Georgen"]
[Site "?"]
[Date "2007.??.??"]
[Round "4.1"]
[White "Bauer, Valentina"]
[Black "Huber, Elke Carola"]
[Result "1-0"]
[WhiteElo "1547"]
[BlackElo "1231"]
[PlyCount "137"]
[EventDate "2007.05.26"]

1. e4 c6 2. d4 d5 3. exd5 cxd5 4. Nf3 Nf6 5. Nc3 e6 6. Bg5 Be7 7. Bb5+ Bd7 8.
Bxd7+ Nbxd7 9. O-O O-O 10. Re1 Nb6 11. Ne5 Nfd7 12. Bxe7 Qxe7 13. Nxd7 Qxd7 14.
b3 Rac8 15. Ne2 Qc7 16. Rc1 Rfe8 17. Qd3 e5 18. h3 exd4 19. Nxd4 Rxe1+ 20. Rxe1
h6 21. a4 Qd7 22. Rc1 Rc7 23. Nb5 Rc5 24. Nxa7 Nc8 25. Nxc8 Qxc8 26. b4 Rc4 27.
Qxd5 Rxb4 28. Qa2 Qc4 29. Qxc4 Rxc4 30. Rb1 Rxa4 31. Rxb7 Ra1+ 32. Kh2 Rc1 33.
Rb8+ Kh7 34. Rc8 Kg6 35. Kg3 f6 36. Kf4 Kf7 37. Ke4 Ke6 38. Kd3 Rd1+ 39. Ke2
Rc1 40. Kd2 Rf1 41. Ke2 Rc1 42. Rc7 g5 43. c4 Kd6 44. Rh7 Rxc4 45. Rxh6 Ke5 46.
g3 Rc2+ 47. Ke3 Rc3+ 48. Kd2 Rf3 49. Ke2 Rb3 50. h4 Rb2+ 51. Kf3 Rb3+ 52. Kg4
gxh4 53. Rxh4 Rb4+ 54. f4+ Ke6 55. Rh6 Kf7 56. Kf5 Rb5+ 57. Kg4 Kg7 58. Rh5
Rxh5 59. Kxh5 Kh7 60. g4 Kg7 61. g5 fxg5 62. Kxg5 Kf7 63. Kf5 Kg7 64. Ke6 Kf8
65. Kf6 Ke8 66. Kg7 Ke7 67. f5 Ke8 68. f6 Kd7 69. f7 1-0

[Event "aut_ychg12 St. Georgen"]
[Site "?"]
[Date "2007.??.??"]
[Round "4.2"]
[White "Strafinger, Elisabeth"]
[Black "Schamberger, Katja"]
[Result "1/2-1/2"]
[WhiteElo "1350"]
[BlackElo "1457"]
[PlyCount "138"]
[EventDate "2007.05.26"]

1. e4 c5 2. Nf3 Nc6 3. Bc4 g6 4. O-O Bg7 5. d3 Nf6 6. Nc3 O-O 7. Be3 d6 8. Qd2
Ng4 9. Bf4 Bd7 10. h3 Nge5 11. Ne1 Nxc4 12. dxc4 Be6 13. b3 Bf6 14. Nf3 Qa5 15.
Nd5 Qxd2 16. Nxd2 Bxa1 17. Rxa1 Nd4 18. Nxe7+ Kg7 19. Kf1 Nxc2 20. Rc1 Nb4 21.
Bxd6 Nxa2 22. Ra1 Nc3 23. Be5+ f6 24. Bxc3 Kf7 25. Nd5 Bxd5 26. exd5 Rfe8 27.
f3 g5 28. Ne4 Kg6 29. Bxf6 Rxe4 30. fxe4 Kxf6 31. Re1 Ke5 32. Kf2 Rf8+ 33. Kg3
h5 34. h4 g4 35. Kh2 b6 36. Kg1 Rf4 37. g3 Rf3 38. Kg2 Rxb3 39. Rd1 Rf3 40. d6
Rf8 41. Rd5+ Kxe4 42. d7 Rd8 43. Kf2 a5 44. Rd6 a4 45. Rxb6 Rxd7 46. Ra6 Rd2+
47. Ke1 Ra2 48. Kd1 Kd4 49. Kc1 Kxc4 50. Kb1 Ra3 51. Kb2 Rxg3 52. Rxa4+ Kd3 53.
Ra3+ Kd2 54. Rxg3 c4 55. Rc3 Ke2 56. Rxc4 g3 57. Rc3 g2 58. Rg3 Kf2 59. Rg5
g1=Q 60. Rxg1 Kxg1 61. Kc3 Kg2 62. Kd2 Kf2 63. Kd1 Kg3 64. Ke1 Kxh4 65. Kf1 Kg3
66. Kg1 h4 67. Kh1 h3 68. Kg1 h2+ 69. Kh1 Kh3 1/2-1/2

[Event "aut_ychg12 St. Georgen"]
[Site "?"]
[Date "2007.??.??"]
[Round "4.3"]
[White "Tarmastin, Laura"]
[Black "Zoehrer, Sarah"]
[Result "1-0"]
[WhiteElo "1487"]
[BlackElo "1496"]
[PlyCount "147"]
[EventDate "2007.05.26"]

1. e4 e5 2. Nf3 Nc6 3. Bc4 Be7 4. c3 Nf6 5. Qc2 d6 6. h3 O-O 7. d4 exd4 8. cxd4
d5 9. exd5 Nxd5 10. O-O Nf6 11. Be3 b6 12. Nbd2 Kh8 13. Bxf7 Nb4 14. Qb3 Bb7
15. Bc4 Bd5 16. Bxd5 Nfxd5 17. a3 Nc6 18. Rac1 Qd7 19. Qb5 Rf6 20. Ne5 Nxe5 21.
Qxd7 Nxd7 22. Bg5 Rf7 23. Bxe7 Rxe7 24. Rfe1 Rae8 25. Nf3 N7f6 26. Ne5 g6 27.
Red1 Kg7 28. Nc6 Re6 29. Nxa7 Re2 30. b4 Ne4 31. Rf1 Nec3 32. Nc6 Rf8 33. Ne5
Ne4 34. Nf3 Ra2 35. Ra1 Rxa1 36. Rxa1 Ra8 37. Ne5 Nd6 38. Nc6 Nc3 39. Re1 Kf6
40. Re7 Ndb5 41. Rxh7 Rxa3 42. Rd7 Ne4 43. f3 Ned6 44. Rh7 Rc3 45. d5 Rd3 46.
Nd8 Rxd5 47. Nc6 Rd1+ 48. Kh2 Rc1 49. Ne7 Rc4 50. Kg1 Rxb4 51. Nd5+ Kg5 52.
Nxb4 c5 53. Nd5 Nf5 54. Nxb6 Ne3 55. Kf2 Nf5 56. Rh8 Nfd6 57. Nc8 Kf5 58. Nxd6+
Nxd6 59. Ke3 Ke5 60. Rf8 Nf5+ 61. Ke2 c4 62. Rg8 Kf6 63. Rc8 Nd6 64. Rc6 Ke5
65. Ke3 Kd5 66. Rxd6+ Kxd6 67. Kd4 c3 68. Kxc3 Ke5 69. g3 Kf5 70. Kd4 Kg5 71.
Ke5 Kh5 72. h4 g5 73. hxg5 Kxg5 74. Ke6 1-0

[Event "aut_ychg12 St. Georgen"]
[Site "?"]
[Date "2007.??.??"]
[Round "4.4"]
[White "Roeck, Vanessa"]
[Black "Hoelzl, Sarah"]
[Result "1-0"]
[WhiteElo "1485"]
[BlackElo "1382"]
[PlyCount "47"]
[EventDate "2007.05.26"]

1. e4 c5 2. Nf3 Nc6 3. Bc4 Nf6 4. e5 Nh5 5. d3 e6 6. Bg5 Be7 7. Bxe7 Qxe7 8.
O-O f6 9. Nh4 Qf7 10. exf6 Nxf6 11. Nc3 O-O 12. Qf3 Nd4 13. Qd1 d5 14. Bb3 Nf5
15. Nxf5 exf5 16. Re1 Re8 17. Rxe8+ Qxe8 18. Qe1 Qh5 19. h3 Qg5 20. Nxd5 Kf8
21. Qe7+ Kg8 22. Nc7+ Kh8 23. Qf8+ Ng8 24. Qxg8# 1-0

[Event "aut_ychg12 St. Georgen"]
[Site "?"]
[Date "2007.??.??"]
[Round "4.5"]
[White "Auer, Christine"]
[Black "Nagy, Andrea"]
[Result "0-1"]
[WhiteElo "1200"]
[BlackElo "1279"]
[PlyCount "26"]
[EventDate "2007.05.26"]

1. e4 e5 2. Nf3 Nc6 3. Nc3 Nf6 4. Bc4 Bc5 5. d3 h6 6. Be3 Bb6 7. Qd2 d6 8. Qe2
Nd4 9. Qd1 Bg4 10. h3 Bxf3 11. gxf3 Qe7 12. Qd2 Nxf3+ 13. Ke2 Nxd2 0-1

[Event "aut_ychg12 St. Georgen"]
[Site "?"]
[Date "2007.??.??"]
[Round "4.6"]
[White "Teufl, Franziska"]
[Black "Gerhold, Doris"]
[Result "0-1"]
[WhiteElo "1209"]
[BlackElo "1446"]
[PlyCount "42"]
[EventDate "2007.05.26"]

1. d4 d5 2. Nf3 Nf6 3. Bf4 Bf5 4. e3 e6 5. Bd3 Bg6 6. c3 Bd6 7. Bxd6 Qxd6 8.
Bc2 Nbd7 9. Nbd2 O-O-O 10. O-O Ng4 11. Rc1 Ndf6 12. b4 Be4 13. g3 h5 14. Ng5
Bxc2 15. Qxc2 Rdf8 16. Qa4 Kb8 17. Nb3 h4 18. Nc5 hxg3 19. fxg3 Rxh2 20. Rc2
Qxg3+ 21. Rg2 Qxg2# 0-1

[Event "aut_ychg12 St. Georgen"]
[Site "?"]
[Date "2007.??.??"]
[Round "5.2"]
[White "Huber, Elke Carola"]
[Black "Strafinger, Elisabeth"]
[Result "1-0"]
[WhiteElo "1231"]
[BlackElo "1350"]
[PlyCount "103"]
[EventDate "2007.05.26"]

1. d4 d5 2. c4 c6 3. Nc3 Nf6 4. Nf3 e6 5. Bg5 Be7 6. e3 O-O 7. Bd3 dxc4 8. Bxc4
b5 9. Bd3 a6 10. O-O c5 11. Bxf6 Bxf6 12. dxc5 Nd7 13. Qc2 h6 14. Rfd1 Qc7 15.
Ne4 Be7 16. Rac1 Rd8 17. Ng3 Ra7 18. Nh5 Qa5 19. a3 b4 20. axb4 Qxb4 21. Qc3
Qxc3 22. Rxc3 Nxc5 23. Nf4 Na4 24. Rc2 Nc5 25. Ne5 Bd7 26. Nxd7 Raxd7 27. Rcd2
Ne4 28. Rc2 e5 29. f3 Rxd3 30. Nxd3 Nc5 31. Nf2 Rb8 32. Nd3 Nxd3 33. Rxd3 Bg5
34. Kf2 Bh4+ 35. g3 Bf6 36. Rdc3 e4 37. Rc8+ Rxc8 38. Rxc8+ Kh7 39. b4 Be7 40.
Rc4 exf3 41. Kxf3 g5 42. Ke4 Kg6 43. Kd5 f5 44. Kc6 Bd8 45. Rd4 Bf6 46. Rd6 g4
47. Kb6 Kg5 48. Rxf6 Kxf6 49. Kxa6 Ke7 50. b5 Kd7 51. Ka7 f4 52. exf4 1-0

[Event "aut_ychg12 St. Georgen"]
[Site "?"]
[Date "2007.??.??"]
[Round "5.3"]
[White "Schamberger, Katja"]
[Black "Roeck, Vanessa"]
[Result "0-1"]
[WhiteElo "1457"]
[BlackElo "1485"]
[PlyCount "48"]
[EventDate "2007.05.26"]

1. e4 e5 2. Nf3 Nc6 3. Nc3 Nf6 4. Bb5 Bc5 5. O-O a6 6. Ba4 b5 7. Bb3 d6 8. d3
h6 9. Nd5 Nxd5 10. Bxd5 Bb7 11. h3 Na5 12. Bxb7 Nxb7 13. d4 exd4 14. Nxd4 Bxd4
15. Qxd4 c5 16. Qxg7 Ke7 17. Bxh6 Rg8 18. Qc3 Kd7 19. Rad1 Qh4 20. Qe3 Rg6 21.
Bf4 Rh8 22. Kh2 Rg4 23. g3 Qxh3+ 24. Kg1 Qh1# 0-1

[Event "aut_ychg12 St. Georgen"]
[Site "?"]
[Date "2007.??.??"]
[Round "5.4"]
[White "Gerhold, Doris"]
[Black "Nagy, Andrea"]
[Result "1/2-1/2"]
[WhiteElo "1446"]
[BlackElo "1279"]
[PlyCount "50"]
[EventDate "2007.05.26"]

1. e4 e5 2. Nf3 Nc6 3. Bc4 Bc5 4. b4 Bxb4 5. c3 Bc5 6. O-O Nf6 7. d4 exd4 8.
cxd4 Bb4 9. e5 d5 10. exf6 dxc4 11. fxg7 Rg8 12. Bd2 Bxd2 13. Qxd2 Rxg7 14.
Re1+ Kf8 15. Na3 Bh3 16. g3 Bg4 17. Ne5 Qxd4 18. Qxd4 Nxd4 19. Nxg4 Rxg4 20.
Red1 c3 21. Kf1 c2 22. Rdc1 b5 23. Nxc2 Nxc2 24. Rxc2 Rc8 25. Rac1 Ra4 1/2-1/2

[Event "aut_ychg12 St. Georgen"]
[Site "?"]
[Date "2007.??.??"]
[Round "5.5"]
[White "Zoehrer, Sarah"]
[Black "Teufl, Franziska"]
[Result "1/2-1/2"]
[WhiteElo "1496"]
[BlackElo "1209"]
[PlyCount "101"]
[EventDate "2007.05.26"]

1. e4 e5 2. Nf3 Nc6 3. Bc4 Bc5 4. c3 Qf6 5. O-O d6 6. b4 Bb6 7. a4 a6 8. Be2
Qg6 9. Kh1 Qxe4 10. d3 Qg6 11. Qd2 Nf6 12. Qg5 Qxg5 13. Bxg5 Nd5 14. Rd1 Bxf2
15. d4 Nb6 16. Rf1 Bxd4 17. cxd4 exd4 18. b5 axb5 19. Bxb5 f6 20. Bd2 Bd7 21.
Bxc6 Bxc6 22. Nxd4 Bxa4 23. Nc3 O-O 24. Nxa4 Rxa4 25. Rxa4 Nxa4 26. Ra1 Nb6 27.
Ra7 Rb8 28. Nb5 Nd5 29. Ba5 c5 30. Nxd6 b6 31. Bd2 b5 32. Ra5 Nc7 33. Bf4 c4
34. h3 h6 35. Nxc4 bxc4 36. Bxc7 Rb1+ 37. Kh2 c3 38. Rc5 Rc1 39. Kg3 c2 40. Bf4
Rd1 41. Rxc2 Rd3+ 42. Kf2 Kf7 43. Be3 Ke6 44. Re2 Kf5 45. g4+ Ke4 46. Bxh6+ Kd5
47. Bxg7 Rxh3 48. Bxf6 Rh2+ 49. Kf3 Rxe2 50. Kxe2 Ke4 51. Kf2 1/2-1/2